000
00284nam a2200109Ia 4500
008
180116s9999 xx 000 0 und d
020
_a
9789814371469
245
_c
Mary Louise Turgeon
_a
Immunology & Serology
250
_a
5th ed
260
_b
Elsevier Ltd.
_c
2014
300
_a
566 pages
999
_c
353281
_d
353281